| 000 | 00604cam a2200217 4500 | ||
|---|---|---|---|
| 001 | D15144 | ||
| 008 | 090401t1981 xxu||||| |||| 00| 0 eng d | ||
| 035 | _a(Sirsi) u20506 | ||
| 041 | _aeng | ||
| 050 | _a333.33 | ||
| 090 | _aRICS 1981/23ABC | ||
| 110 |
_aRoyal Institution of Chartered Surveyors _94900 |
||
| 245 | _aBuying a flat? don`t buy a lifetime of problems as well | ||
| 260 |
_bRICS/The Law Society _c1981 |
||
| 300 | _a20p. 21cm | ||
| 350 | _a0.38 | ||
| 520 | _aFiled in box RICS 1981/23 ABC | ||
| 710 |
_aLaw Society of England and Wales _91639 |
||
| 942 | _n0 | ||
| 948 | _c04/03/1997 | ||
| 999 |
_c87831 _d87831 |
||